| 000 | 00764nam a22002177a 4500 | ||
|---|---|---|---|
| 999 |
_c17335 _d17335 |
||
| 003 | AR-CdUCM | ||
| 008 | 190430b ||||| |||| 00| 0 spa d | ||
| 040 |
_aMUNICIPALIDAD PROVINCIAL DEL CUSCO _cBIBLIOTECA MUNICIPAL DEL CUSCO |
||
| 082 |
_a122.8 / _bS74 |
||
| 100 |
_aSpencer, Herbert _99994 |
||
| 245 | _aLos primeros principios / | ||
| 260 |
_aValencia : _bF.Sempere y Compañia, Edit, _c1909. |
||
| 300 |
_a264 páginas ; _c19 cm. |
||
| 505 | _aContenido : La religión y la ciencia -- Ultimas ideas de la religión -- Ultimas ideas de la ciencia ... | ||
| 650 |
_aCiencia _92098 |
||
| 650 |
_aFilosofía _9395 |
||
| 650 |
_aReligión y ciencia _925653 |
||
| 700 |
_aLo pez, Eugenio (traductor) _937299 |
||
| 942 |
_2ddc _cLIBROS |
||
| 945 |
_arah _d08/05/2019 |
||